000 nam a22 a 4500
999 _c388860
_d388860
003 BLK
005 20211118133414.0
008 200928b bu ||||| |||| 00| 0 bu d
020 _a9789540749334
040 _aBLK
041 _aBUL
_aSPA
_cBUL
080 _aОбщи въпроси на езикознанието и литературата. Филология
_b80
_x(497.2)(092)(062)
_z80(497.2)(092)(062)
080 _aЛитература на отделни езици и езикови семейства
_b821
_x.09(062)
_z821.09(062)
080 _aБългарски филолог - испанист
_b929 Пантева, Татяна Петрова
_z929 Пантева, Татяна Петрова
139 _aЗа литературата и езика
_bП 19
245 _aЗа литературата и езика
_bизследвания в чест на доц. д-р Татяна Пантева
_cсъстав.Боряна Кючукова-Петринска и др. ; ред. съвет Евгения Вучева и др.
246 _aLa lengua y la literatura
260 _9395338
_aСофия
_bСофийски университет "Св. Климент Охридски"
_c2020
300 _a292 с. : с ил., факс., табл.
_c24 см
380 _a80
500 _aЗагл. и текст на исп. ез.: La lengua y la literatura Други състав.: Лиляна Табакова, Адриана Миткова, Красимир Тасев Други ред.: Венко Кънев, Адриана Миткова За Таня / Венко Кънев: с. 13-15 Рец. Дина Манчева
504 _aБиблиогр. след отд. студии
504 _aБиблиография на доц. д-р Татяна Пантева: с. 17-25
600 0 _9467681
_aПантева, Татяна Петрова
650 0 _9254497
_aЛитература - език и стил
852 _aЦб 303996
_bЦб
852 _bП
_c80/П 19 Т
942 _cKNG
_n0
_s1
944 _aED
_c2020-10-05
_kВ. Т.
944 _aED
_c2021-11-18
_kГГГ
999 _d388860